[Event "28th Chicago Open"]
[Site "Chicago"]
[Date "2019.05.27"]
[Round "8"]
[White "Santarius, Erik"]
[Black "Zhang, Chao"]
[Result "1-0"]
[WhiteElo "2396"]
[BlackElo "2254"]
[PlyCount "49"]
[EventDate "2019.05.??"]
[EventType "swiss"]
[EventRounds "9"]
[EventCountry "USA"]

1. d4 Nf6 2. c4 e6 3. Nf3 b6 4. a3 Bb7 5. Nc3 d5 6. Bg5 Be7 7. Bxf6 Bxf6 8.
cxd5 exd5 9. g3 O-O 10. Bg2 Re8 11. O-O c5 12. Rc1 Nc6 13. dxc5 d4 14. Nb1 bxc5
15. Ne1 Rc8 16. Nd3 Ba6 17. Rxc5 Ne5 18. Rxc8 Bxc8 19. Nd2 g6 20. Qa4 Qd7 21.
Qc2 Ba6 22. Ne4 Bg7 23. Ndc5 Qc7 24. Qa4 Re7 25. Qxa6 1-0

[Event "28th Chicago Open"]
[Site "Chicago"]
[Date "2019.05.27"]
[Round "8"]
[White "Li, Ben"]
[Black "Homa, Seth"]
[Result "0-1"]
[WhiteElo "2377"]
[BlackElo "2245"]
[PlyCount "122"]
[EventDate "2019.05.??"]
[EventType "swiss"]
[EventRounds "9"]
[EventCountry "USA"]

1. d4 Nf6 2. c4 e6 3. Nf3 d5 4. Nc3 c6 5. e3 Nbd7 6. Bd3 Bd6 7. e4 dxe4 8. Nxe4
Nxe4 9. Bxe4 Nf6 10. Bc2 c5 11. O-O h6 12. Ba4+ Bd7 13. dxc5 Bxc5 14. Ne5 Bxa4
15. Qxa4+ Kf8 16. Be3 Bxe3 17. fxe3 Qc7 18. Qa3+ Kg8 19. Qc3 h5 20. Rad1 Ng4
21. Nxg4 hxg4 22. Rf4 g5 23. Rxg4 Qxh2+ 24. Kf2 Qh5 25. Rgd4 Rf8 26. Qa5 Kg7
27. Qe5+ Kg6 28. Qe4+ Kg7 29. Rd7 Rh6 30. Ke1 Qh2 31. Kd2 Rh4 32. Qxb7 Rxc4 33.
Rf1 Qh5 34. Qxa7 Rc2+ 35. Kxc2 Qe2+ 36. Kb3 Qb5+ 37. Ka3 Qxf1 38. g4 Kg6 39.
Qb7 Qc4 40. Rd4 Qc5+ 41. Kb3 f5 42. gxf5+ exf5 43. Qb4 Qxb4+ 44. Kxb4 Re8 45.
a4 g4 46. a5 Rxe3 47. a6 Re8 48. Rd1 g3 49. Rg1 f4 50. Kc5 Kf5 51. b4 Kg4 52.
b5 f3 53. a7 f2 54. Rd1 g2 55. Rd4+ Kf5 56. Rd5+ Kf4 57. Rd4+ Ke3 58. Rd6 g1=Q
59. Re6+ Rxe6 60. a8=Q f1=Q 61. Qa3+ Kd2+ 0-1

[Event "28th Chicago Open"]
[Site "Chicago"]
[Date "2019.05.27"]
[Round "8"]
[White "Canty, James"]
[Black "Kiewra, Keaton"]
[Result "1/2-1/2"]
[WhiteElo "2222"]
[BlackElo "2375"]
[PlyCount "51"]
[EventDate "2019.05.??"]
[EventType "swiss"]
[EventRounds "9"]
[EventCountry "USA"]

1. e4 c5 2. c3 Nf6 3. e5 Nd5 4. d4 cxd4 5. cxd4 d6 6. Nf3 Nc6 7. Nc3 dxe5 8.
dxe5 Nxc3 9. Qxd8+ Nxd8 10. bxc3 g6 11. Nd4 Bg7 12. f4 f6 13. exf6 Bxf6 14. Be3
Bd7 15. Bd3 Rc8 16. Kd2 Ne6 17. Rac1 Nc5 18. Bb1 O-O 19. Rhf1 e5 20. fxe5 Bxe5
21. g3 b6 22. Rxf8+ Rxf8 23. Re1 Bd6 24. Nb3 Na4 25. Bd4 Bf5 26. Bd3 1/2-1/2

[Event "28th Chicago Open"]
[Site "Chicago"]
[Date "2019.05.27"]
[Round "8"]
[White "Padhya Saumil"]
[Black "Pullin, Matthew"]
[Result "1-0"]
[WhiteElo "2188"]
[BlackElo "1947"]
[PlyCount "121"]
[EventDate "2019.05.??"]
[EventType "swiss"]
[EventRounds "9"]
[EventCountry "USA"]

1. e4 e5 2. Nf3 Nc6 3. Bb5 a6 4. Ba4 Nf6 5. d3 d6 6. c3 g6 7. Nbd2 Bd7 8. Nf1
Bg7 9. Ng3 Qe7 10. h3 h6 11. Be3 O-O 12. O-O Kh7 13. Re1 Ng8 14. d4 b5 15. Bc2
Na5 16. b3 Nb7 17. Nh2 c5 18. f4 cxd4 19. cxd4 Rac8 20. Nf3 Be6 21. Rc1 Rfd8
22. Qd2 Qf8 23. Nf5 Bh8 24. Qf2 exf4 25. Bxf4 d5 26. Ne3 dxe4 27. Bxe4 Nd6 28.
Bb1 Rxc1 29. Rxc1 Ne7 30. Ne5 Ndf5 31. Nxf5 Nxf5 32. Bxf5 Bxf5 33. Rc7 Bxe5 34.
Bxe5 Rc8 35. Rb7 Qe8 36. Kh2 Qe6 37. Qf3 b4 38. Rxb4 h5 39. Rb7 Kg8 40. Qf4 Kh7
41. Qg5 Be4 42. Re7 Qf5 43. Qxf5 gxf5 44. Rxf7+ Kg6 45. Rf6+ Kh7 46. Rf7+ Kg6
47. Rg7+ Kh6 48. Rc7 Rxc7 49. Bxc7 h4 50. Bd8 Kh5 51. g3 hxg3+ 52. Kxg3 Kg6 53.
Kf4 Kf7 54. Ke5 Ke8 55. Bg5 Kd7 56. d5 a5 57. a3 Bc2 58. b4 axb4 59. axb4 Kc7
60. Ke6 Bb3 61. h4 1-0

[Event "28th Chicago Open"]
[Site "Chicago"]
[Date "2019.05.27"]
[Round "8"]
[White "Yanayt, Eugene"]
[Black "Mardov, Dimitar"]
[Result "1-0"]
[WhiteElo "2263"]
[BlackElo "2067"]
[PlyCount "79"]
[EventDate "2019.05.??"]
[EventType "swiss"]
[EventRounds "9"]
[EventCountry "USA"]

1. d4 d5 2. c4 e6 3. Nf3 Nf6 4. g3 dxc4 5. Bg2 Nc6 6. O-O Rb8 7. Qc2 Bd6 8.
Qxc4 O-O 9. Rd1 Qe7 10. a3 h6 11. Qc2 e5 12. d5 Nd8 13. h3 c6 14. e4 cxd5 15.
exd5 Bd7 16. Nc3 b6 17. Re1 Rc8 18. Nxe5 Be8 19. Bf4 Qc7 20. Qf5 Nh7 21. Rac1
Qb8 22. Nc6 Bxc6 23. Bxd6 Qxd6 24. Qxc8 Bd7 25. Ne4 Qxd5 26. Nf6+ Nxf6 27. Bxd5
Bxc8 28. Rxc8 Nxd5 29. Rd1 Ne6 30. Rxf8+ Kxf8 31. Rxd5 Ke7 32. f4 Nc7 33. Re5+
Kd6 34. Kf2 f6 35. Re4 g6 36. f5 g5 37. h4 h5 38. hxg5 fxg5 39. f6 Ne6 40. f7
1-0

[Event "28th Chicago Open"]
[Site "Chicago"]
[Date "2019.05.27"]
[Round "8"]
[White "Roman Richrov"]
[Black "Murthy, Pappu"]
[Result "1/2-1/2"]
[WhiteElo "2106"]
[BlackElo "1986"]
[PlyCount "141"]
[EventDate "2019.05.??"]
[EventType "swiss"]
[EventRounds "9"]
[EventCountry "USA"]

1. e4 e6 2. d4 d5 3. exd5 exd5 4. c4 Bb4+ 5. Nc3 Ne7 6. a3 Bxc3+ 7. bxc3 Nbc6
8. Bd3 Be6 9. cxd5 Qxd5 10. f3 Bf5 11. Ne2 Bxd3 12. Qxd3 O-O 13. O-O Na5 14.
Nf4 Qd7 15. Rb1 b6 16. Rd1 Rfd8 17. d5 Nf5 18. Rb4 Nb7 19. g4 Nfd6 20. Be3 a5
21. Rb2 Qa4 22. Qc2 Qxc2 23. Rxc2 Nc4 24. Bc1 a4 25. Ng2 Rd7 26. Ne3 Nba5 27.
Kf2 Rad8 28. Re2 Kf8 29. Nxc4 Nxc4 30. Re4 b5 31. Red4 f6 32. h3 Re7 33. Re4
Red7 34. Red4 Kf7 35. h4 g6 36. g5 f5 37. Kf1 Nb6 38. Bf4 Nxd5 39. Bxc7 Ne3+
40. Ke2 Rxd4 41. cxd4 Nxd1 42. Bxd8 Nc3+ 43. Kd3 Nd5 44. Ba5 Ke6 45. Bd2 Nb6
46. Kc3 Kd5 47. Kb4 Kc6 48. Bc1 Nd5+ 49. Ka5 Nc3 50. Bb2 Nd5 51. Bc1 f4 52. Bd2
Ne3 53. Bc1 Kd5 54. Kxb5 Kxd4 55. Bb2+ Kd3 56. Be5 Nc4 57. Bxf4 Nxa3+ 58. Kxa4
Nc2 59. Kb5 Nd4+ 60. Kc5 Nxf3 61. Bg3 Ke4 62. Kd6 Kf5 63. Bf2 Kg4 64. Ke6 Nxh4
65. Kf6 Nf5 66. Bc5 Ng3 67. Be3 Ne4+ 68. Kg7 Nxg5 69. Kh6 Ne4 70. Kxh7 Kf5 71.
Bc1 1/2-1/2

[Event "28th Chicago Open"]
[Site "Chicago"]
[Date "2019.05.26"]
[Round "7"]
[White "Gabuzyan, Hovhannes"]
[Black "Quesada Perez, Yuniesky"]
[Result "1/2-1/2"]
[WhiteElo "2613"]
[BlackElo "2622"]
[PlyCount "127"]
[EventDate "2019.05.??"]
[EventType "swiss"]
[EventRounds "9"]
[EventCountry "USA"]

1. e4 e5 2. Nf3 Nc6 3. d4 exd4 4. Nxd4 Bc5 5. Nb3 Bb6 6. Nc3 Nf6 7. Qe2 d6 8.
Bg5 h6 9. Be3 Qe7 10. O-O-O Be6 11. g3 O-O-O 12. Bg2 Rhe8 13. Rhe1 Kb8 14. Bxb6
axb6 15. Nd4 Bd7 16. f4 Bg4 17. Nf3 g5 18. h3 Bxf3 19. Qxf3 gxf4 20. gxf4 Qe6
21. Rd2 d5 22. e5 d4 23. f5 Qc4 24. Qf4 Qc5 25. Bxc6 bxc6 26. Nd1 Rd5 27. Qh4
Rdxe5 28. Rxe5 Qxe5 29. Qxd4 Qxf5 30. Rf2 Qg5+ 31. Qf4 Nd5 32. Qxg5 hxg5 33.
Rxf7 Nf4 34. Rh7 Re2 35. Nc3 Rh2 36. Rg7 Nxh3 37. b4 Rg2 38. b5 Kb7 39. a4 g4
40. Ne4 cxb5 41. axb5 Nf4 42. Nd6+ Kb8 43. Rg8+ Ka7 44. Nf5 Ne2+ 45. Kb2 g3 46.
Rd8 Rf2 47. Ne7 Rf6 48. Rg8 Nd4 49. Nc6+ Nxc6 50. bxc6 Rf3 51. Rg7 Kb8 52. Rg8+
Ka7 53. Rg7 Ka6 54. Rxc7 Kb5 55. Rc8 Kc5 56. Ka2 Kd6 57. Kb2 Re3 58. Ka2 Rf3
59. Kb2 b5 60. Ka2 b4 61. Kb2 Rc3 62. Rb8 Rc4 63. Rg8 Kxc6 64. Rxg3 1/2-1/2

[Event "28th Chicago Open"]
[Site "Chicago"]
[Date "2019.05.26"]
[Round "7"]
[White "Xiong, Jeffery"]
[Black "Sorokin, Aleksey"]
[Result "1-0"]
[WhiteElo "2679"]
[BlackElo "2531"]
[PlyCount "81"]
[EventDate "2019.05.??"]
[EventType "swiss"]
[EventRounds "9"]
[EventCountry "USA"]

1. d4 Nf6 2. Nf3 g6 3. Nbd2 d5 4. b4 Bg7 5. e3 a5 6. b5 c5 7. bxc6 Nxc6 8. a4
O-O 9. Bb5 Bf5 10. O-O Rc8 11. Bb2 Ne4 12. Nxe4 Bxe4 13. c3 e5 14. Ba3 Re8 15.
Rc1 Bf8 16. Bxf8 Bxf3 17. Qxf3 Rxf8 18. Qg3 exd4 19. cxd4 Na7 20. Be2 Qd7 21.
Bg4 f5 22. Bf3 Rc6 23. Qe5 Rd8 24. h4 Nc8 25. Rc5 Rxc5 26. dxc5 Ne7 27. Rb1 Nc6
28. Qf6 Nb4 29. h5 gxh5 30. Qg5+ Kh8 31. Qf6+ Kg8 32. Rd1 Rc8 33. Qg5+ Kh8 34.
Qf6+ Qg7 35. Qxf5 Rxc5 36. Qxh5 Qe7 37. Bxd5 b5 38. axb5 Rxb5 39. e4 a4 40. Qh3
Rb8 41. Be6 1-0

[Event "28th Chicago Open"]
[Site "Chicago"]
[Date "2019.05.26"]
[Round "7"]
[White "Korley, Kassa"]
[Black "Shimanov, Aleksandr"]
[Result "0-1"]
[WhiteElo "2468"]
[BlackElo "2614"]
[PlyCount "34"]
[EventDate "2019.05.??"]
[EventType "swiss"]
[EventRounds "9"]
[EventCountry "USA"]

1. d4 Nf6 2. c4 e6 3. Nf3 d5 4. Nc3 dxc4 5. e4 b5 6. e5 Nd5 7. Nxb5 Nb6 8. Be2
Nc6 9. O-O Be7 10. Qd2 Bb7 11. Qf4 Qd7 12. Be3 g5 13. Nxg5 Bxg5 14. Qxg5 Ne7
15. Nxc7+ Qxc7 16. f3 Rg8 17. Qh5 Nf5 0-1

[Event "28th Chicago Open"]
[Site "Chicago"]
[Date "2019.05.26"]
[Round "7"]
[White "Liang, Awonder"]
[Black "Shetty, Atulya"]
[Result "1/2-1/2"]
[WhiteElo "2600"]
[BlackElo "2420"]
[PlyCount "74"]
[EventDate "2019.05.??"]
[EventType "swiss"]
[EventRounds "9"]
[EventCountry "USA"]

1. e4 e6 2. d4 d5 3. Nc3 Nf6 4. e5 Nfd7 5. f4 c5 6. Nf3 Nc6 7. Be3 a6 8. Qd2 b5
9. Nd1 Qb6 10. Be2 a5 11. O-O b4 12. c3 Ba6 13. Bxa6 Qxa6 14. Nf2 bxc3 15. bxc3
cxd4 16. cxd4 Nb6 17. f5 Nc4 18. Qd3 exf5 19. Bf4 Be7 20. Qxf5 O-O 21. Bg5 Qc8
22. Qf4 f6 23. exf6 Bxf6 24. Qh4 Bxg5 25. Nxg5 Qf5 26. Nfh3 Qd3 27. Nf4 Qxd4+
28. Kh1 h6 29. Nge6 Qf6 30. Qh5 Ne3 31. Rfe1 Rf7 32. Rac1 Nd4 33. Rxe3 Nxe6 34.
Qxd5 Nc7 35. Qc5 Na6 36. Qd5 Nc7 37. Qc5 Na6 1/2-1/2

[Event "28th Chicago Open"]
[Site "Chicago"]
[Date "2019.05.26"]
[Round "7"]
[White "Quesada Perez, Yasser"]
[Black "Santarius, Erik"]
[Result "1-0"]
[WhiteElo "2558"]
[BlackElo "2396"]
[PlyCount "79"]
[EventDate "2019.05.??"]
[EventType "swiss"]
[EventRounds "9"]
[EventCountry "USA"]

1. e4 e5 2. Nf3 Nc6 3. Nc3 Nf6 4. Bb5 Bb4 5. O-O O-O 6. Bxc6 dxc6 7. d3 Bg4 8.
h3 Bh5 9. Qe2 Nd7 10. g4 Bg6 11. Nd1 Re8 12. Ne3 Nf8 13. Nf5 Bd6 14. Kh1 Ne6
15. Rg1 c5 16. Rg2 Kh8 17. h4 f6 18. Bd2 Bf8 19. Rag1 Qd7 20. b3 Rad8 21. Rh2
h5 22. Ng3 hxg4 23. h5 Bh7 24. Nh4 Nd4 25. Qd1 b5 26. Be3 Nf3 27. Nxf3 gxf3 28.
Qxf3 Qe6 29. Nf5 Rd7 30. Nh4 Kg8 31. Ng6 Kf7 32. h6 Bxg6 33. hxg7 Bxg7 34. Rxg6
Rg8 35. Qg3 Ke8 36. Kg1 Rf7 37. Rg2 Qe7 38. Bh6 Kf8 39. Qh3 Ke8 40. Qc8+ 1-0

[Event "28th Chicago Open"]
[Site "Chicago"]
[Date "2019.05.26"]
[Round "7"]
[White "Shabalov, Alexander"]
[Black "Li, Ben"]
[Result "1-0"]
[WhiteElo "2528"]
[BlackElo "2377"]
[PlyCount "125"]
[EventDate "2019.05.??"]
[EventType "swiss"]
[EventRounds "9"]
[EventCountry "USA"]

1. e4 e5 2. Nf3 Nc6 3. Bb5 a6 4. Ba4 Nf6 5. O-O Be7 6. Re1 b5 7. Bb3 d6 8. c3
O-O 9. h3 Nb8 10. d4 Nbd7 11. Nbd2 Bb7 12. Bc2 Re8 13. b3 Bf8 14. Bb2 g6 15. a4
c6 16. Bd3 Nh5 17. Qc2 Rc8 18. Bf1 exd4 19. cxd4 b4 20. Rad1 d5 21. Qb1 Qb6 22.
Nh2 Nf4 23. Ng4 h5 24. Ne3 Ne6 25. Nf3 Nf6 26. e5 Ne4 27. Bd3 c5 28. Nxd5 Bxd5
29. Bxe4 Bxb3 30. d5 Bxd1 31. Rxd1 Nf4 32. g3 Nxh3+ 33. Kg2 Nxf2 34. Kxf2 c4+
35. Bd4 Bc5 36. Bxc5 Qxc5+ 37. Kg2 c3 38. Qd3 Kg7 39. Qxa6 c2 40. Qf6+ Kg8 41.
Rc1 b3 42. e6 Qe7 43. Qb2 Rb8 44. Nd4 f5 45. Nc6 Qg5 46. Nxb8 Rxb8 47. Rxc2 h4
48. Qe5 Qxg3+ 49. Qxg3 hxg3 50. Rb2 fxe4 51. d6 Kf8 52. a5 e3 53. Kxg3 e2 54.
Rxe2 b2 55. Rf2+ Ke8 56. Rh2 Rb3+ 57. Kf4 g5+ 58. Ke5 Kf8 59. d7 Re3+ 60. Kf6
Rf3+ 61. Kxg5 b1=Q 62. d8=Q+ Kg7 63. Qh8# 1-0

[Event "28th Chicago Open"]
[Site "Chicago"]
[Date "2019.05.26"]
[Round "7"]
[White "Wang, Justin"]
[Black "Shtembuliak, Evgeny"]
[Result "0-1"]
[WhiteElo "2434"]
[BlackElo "2516"]
[PlyCount "176"]
[EventDate "2019.05.??"]
[EventType "swiss"]
[EventRounds "9"]
[EventCountry "USA"]

1. e4 e6 2. d4 d5 3. Nd2 h6 4. Bd3 c5 5. dxc5 Bxc5 6. exd5 exd5 7. Nb3 Be7 8.
Nf3 Nf6 9. h3 O-O 10. O-O Nc6 11. c3 Bd6 12. Be3 Re8 13. Re1 Ne4 14. Nbd4 a6
15. Nd2 Bc7 16. f3 Ng5 17. f4 Ne4 18. Nxc6 bxc6 19. Nxe4 dxe4 20. Bc4 Qh4 21.
Qd2 Be6 22. Bxe6 Rxe6 23. Qf2 Qh5 24. Rad1 Rd8 25. Rxd8+ Bxd8 26. Qe2 Qa5 27.
Rd1 Bb6 28. Bxb6 Qxb6+ 29. Rd4 Re8 30. Kf1 e3 31. Rd3 Qc5 32. Ke1 a5 33. g3 a4
34. a3 Qe7 35. Qf3 Qe6 36. g4 Qe7 37. Ke2 Qb7 38. Rxe3 Qxb2+ 39. Kf1 Rb8 40.
Qxc6 Qc1+ 41. Kf2 Rb2+ 42. Re2 Qxf4+ 43. Qf3 Qh2+ 44. Kf1 Rxe2 45. Qxe2 Qxh3+
46. Kg1 Qg3+ 47. Kh1 Qf4 48. Kg2 Kf8 49. c4 Qd4 50. Kh2 Qd6+ 51. Kg2 Qxa3 52.
Qd2 Kg8 53. Qd8+ Kh7 54. Qd5 Qb2+ 55. Kg3 Qc3+ 56. Kf4 Qc1+ 57. Kg3 Qc2 58. c5
a3 59. c6 a2 60. Qa5 Qd3+ 61. Kg2 Qe2+ 62. Kg3 Qe3+ 63. Kg2 Qe6 64. Kg3 Qd6+
65. Kh3 Qxc6 66. Qxa2 Qf3+ 67. Kh2 Kg6 68. Qc2+ Kg5 69. Qh7 Qf2+ 70. Kh1 Qh4+
71. Kg1 Qxg4+ 72. Kh2 Qf4+ 73. Kg2 g6 74. Qg8 Qe4+ 75. Kg3 Qd3+ 76. Kg2 Qd5+
77. Kg3 h5 78. Qf8 h4+ 79. Kh2 Qe5+ 80. Kh1 Qe4+ 81. Kh2 Kg4 82. Qc5 Qf4+ 83.
Kg1 h3 84. Qc8+ f5 85. Qg8 g5 86. Qe8 Qg3+ 87. Kf1 Qg2+ 88. Ke1 Qe4+ 0-1

[Event "28th Chicago Open"]
[Site "Chicago"]
[Date "2019.05.26"]
[Round "7"]
[White "Vazquez, Guillermo"]
[Black "Aaron, Deepak"]
[Result "1-0"]
[WhiteElo "2497"]
[BlackElo "2276"]
[PlyCount "69"]
[EventDate "2019.05.??"]
[EventType "swiss"]
[EventRounds "9"]
[EventCountry "USA"]

1. e4 e5 2. Nf3 Nc6 3. Bc4 Bc5 4. c3 Nf6 5. d3 d6 6. O-O Bb6 7. a4 O-O 8. Nbd2
Bg4 9. h3 Bh5 10. Re1 Re8 11. Nf1 d5 12. exd5 Nxd5 13. Ng3 Bg6 14. Bb5 f6 15.
a5 Nxa5 16. Bxe8 Bxe8 17. d4 Nf4 18. Bxf4 exf4 19. Nf5 Nc6 20. d5 Ne5 21. Nxe5
fxe5 22. Rxe5 Qf6 23. Qe2 Bf7 24. Re1 Bc5 25. Qb5 Bd6 26. Nxd6 cxd6 27. Re7 f3
28. Rxb7 h6 29. Rb8+ Rxb8 30. Qxb8+ Kh7 31. Qxa7 Qg5 32. g3 Qf5 33. g4 Qxd5 34.
Qd4 Qa2 35. b4 1-0

[Event "28th Chicago Open"]
[Site "Chicago"]
[Date "2019.05.26"]
[Round "7"]
[White "Posthuma, Joshua"]
[Black "Sheng, Joshua"]
[Result "1/2-1/2"]
[WhiteElo "2327"]
[BlackElo "2451"]
[PlyCount "56"]
[EventDate "2019.05.??"]
[EventType "swiss"]
[EventRounds "9"]
[EventCountry "USA"]

1. d4 g6 2. e4 Bg7 3. Nc3 d6 4. Be3 a6 5. Qd2 Nd7 6. f4 b5 7. Nf3 Bb7 8. e5 Nh6
9. Be2 Nf5 10. Bf2 c5 11. exd6 exd6 12. dxc5 b4 13. Nd1 dxc5 14. c3 Rb8 15.
cxb4 cxb4 16. Ba7 Ra8 17. Ne3 Nxe3 18. Bxe3 O-O 19. O-O Re8 20. Bc4 Rc8 21.
Rac1 Qe7 22. Bd4 Bxf3 23. Rxf3 Bxd4+ 24. Qxd4 Nf6 25. f5 Kg7 26. fxg6 fxg6 27.
Rcf1 Rc6 28. b3 Qe5 1/2-1/2

[Event "28th Chicago Open"]
[Site "Chicago"]
[Date "2019.05.26"]
[Round "7"]
[White "Griffith, Kyron"]
[Black "Canty, James"]
[Result "1/2-1/2"]
[WhiteElo "2349"]
[BlackElo "2222"]
[PlyCount "74"]
[EventDate "2019.05.??"]
[EventType "swiss"]
[EventRounds "9"]
[EventCountry "USA"]

1. e4 c5 2. Nf3 g6 3. d4 cxd4 4. Nxd4 Nc6 5. Nc3 Bg7 6. Be3 Nf6 7. Nxc6 bxc6 8.
e5 Ng8 9. Bd4 Qa5 10. Bc4 Bxe5 11. O-O Nf6 12. Re1 d6 13. Bxe5 dxe5 14. Qe2 Rb8
15. Qxe5 Qxe5 16. Rxe5 e6 17. Ra5 a6 18. b3 Kd8 19. Rd1+ Kc7 20. a3 Bb7 21. Rd4
Nd5 22. Bxd5 exd5 23. Rc5 Rbe8 24. g4 Kd6 25. b4 Bc8 26. Kg2 g5 27. Nd1 h5 28.
Ne3 hxg4 29. c4 Ke5 30. Rd2 Rd8 31. Rxc6 d4 32. Rc5+ Ke4 33. Nf1 d3 34. Ng3+
Kd4 35. Ne2+ Ke4 36. Ng3+ Kd4 37. Ne2+ Ke4 1/2-1/2

[Event "28th Chicago Open"]
[Site "Chicago"]
[Date "2019.05.26"]
[Round "7"]
[White "Patel, Advait"]
[Black "Padhya Saumil"]
[Result "1-0"]
[WhiteElo "2474"]
[BlackElo "2188"]
[PlyCount "93"]
[EventDate "2019.05.??"]
[EventType "swiss"]
[EventRounds "9"]
[EventCountry "USA"]

1. e4 c5 2. Nf3 d6 3. d4 cxd4 4. Nxd4 Nf6 5. Nc3 a6 6. Bg5 Nbd7 7. Bc4 Qc7 8.
Bb3 e6 9. O-O Nc5 10. Bxf6 gxf6 11. Re1 h5 12. Qf3 Nd7 13. Bxe6 Ne5 14. Qxf6
Rh6 15. Nd5 Qb8 16. Bxc8 Rxf6 17. Nxf6+ Kd8 18. Bh3 Qa7 19. Rad1 Nc4 20. e5 Kc7
21. Nd5+ Kb8 22. e6 Nxb2 23. exf7 Qc5 24. Ne6 Qa5 25. Nxf8 Ka7 26. Ne6 Nxd1 27.
Rxd1 Qxa2 28. Ne3 a5 29. f8=Q Rxf8 30. Nxf8 a4 31. Be6 Qb2 32. Bd5 b5 33. Ne6
b4 34. Nf4 b3 35. cxb3 a3 36. Nd3 Qe2 37. Nb4 Qb2 38. Bc4 a2 39. Nxa2 Qxa2 40.
Rxd6 Qa1+ 41. Rd1 Qf6 42. h3 h4 43. b4 Qb2 44. b5 Kb6 45. Bf1 Qb3 46. Rd6+ Kc7
47. Rd4 1-0

[Event "28th Chicago Open"]
[Site "Chicago"]
[Date "2019.05.26"]
[Round "7"]
[White "Homa, Seth"]
[Black "Nguyen, Emily"]
[Result "1-0"]
[WhiteElo "2245"]
[BlackElo "2115"]
[PlyCount "47"]
[EventDate "2019.05.??"]
[EventType "swiss"]
[EventRounds "9"]
[EventCountry "USA"]

1. c4 e5 2. Nc3 Nf6 3. Nf3 Nc6 4. e3 Bb4 5. Qc2 Bxc3 6. bxc3 d6 7. e4 O-O 8. g3
h6 9. Bg2 Be6 10. d3 Qd7 11. h3 Ne7 12. Rb1 b6 13. Nd2 c6 14. f4 exf4 15. gxf4
g6 16. f5 gxf5 17. O-O Kg7 18. d4 fxe4 19. Rxf6 Kxf6 20. Nxe4+ Kg6 21. Nc5+ Bf5
22. Qd2 Rh8 23. Nxd7 Bxb1 24. Qf4 1-0

[Event "28th Chicago Open"]
[Site "Chicago"]
[Date "2019.05.26"]
[Round "7"]
[White "Lee, Megan"]
[Black "Yanayt, Eugene"]
[Result "1/2-1/2"]
[WhiteElo "2088"]
[BlackElo "2263"]
[PlyCount "59"]
[EventDate "2019.05.??"]
[EventType "swiss"]
[EventRounds "9"]
[EventCountry "USA"]

1. e4 c5 2. Nc3 g6 3. d4 Bg7 4. dxc5 Bxc3+ 5. bxc3 Qa5 6. Qd4 Nf6 7. Bd2 Nc6 8.
Qe3 O-O 9. f3 Rd8 10. c4 Qc7 11. Bc3 b6 12. e5 Ne8 13. h4 bxc5 14. h5 Nd4 15.
Bd3 Ng7 16. hxg6 fxg6 17. Ne2 Ngf5 18. Qg5 Qxe5 19. Bxd4 cxd4 20. g4 Qe3 21. f4
Bb7 22. gxf5 Bxh1 23. fxg6 Qe6 24. Qh6 hxg6 25. Qxh1 Rac8 26. f5 gxf5 27. O-O-O
Kf7 28. Qh7+ Kf6 29. Qh6+ Kf7 30. Qh7+ 1/2-1/2

[Event "28th Chicago Open"]
[Site "Chicago"]
[Date "2019.05.26"]
[Round "7"]
[White "Pappu Murthy"]
[Black "Aria Hoesley"]
[Result "1-0"]
[WhiteElo "2200"]
[BlackElo "2034"]
[PlyCount "113"]
[EventDate "2019.05.??"]
[EventType "swiss"]
[EventRounds "9"]
[EventCountry "USA"]

1. d4 f5 2. g3 Nf6 3. Bg2 e6 4. c4 d5 5. Qc2 c6 6. Nh3 Bd6 7. Bf4 O-O 8. Nd2 a5
9. O-O Na6 10. a3 Nc7 11. b3 Ng4 12. Nf3 Bxf4 13. Nxf4 Bd7 14. h3 Nf6 15. Ne5
Be8 16. Kh2 Qe7 17. e3 g5 18. Nfd3 Bg6 19. Nxg6 hxg6 20. Ne5 Kg7 21. f3 Nd7 22.
f4 Nxe5 23. dxe5 Rh8 24. Qf2 g4 25. h4 Rhd8 26. Rfd1 Na6 27. cxd5 exd5 28. Qc2
Nc7 29. Qb2 Ne6 30. b4 axb4 31. axb4 b5 32. Rdc1 Qb7 33. Qc3 Rxa1 34. Rxa1 Ra8
35. Rc1 Ra6 36. Ra1 Qa8 37. Rc1 Kf7 38. Kg1 Ke7 39. Bf1 Kd7 40. Bd3 Ra3 41. Qc2
Ra1 42. Qc3 Rxc1+ 43. Qxc1 Qa4 44. Qd2 Ng7 45. e4 Qa1+ 46. Kg2 Ke6 47. exd5+
cxd5 48. Bxb5 d4 49. Qc2 Qa8+ 50. Bc6 Qa6 51. b5 Qa3 52. Bd5+ Kd7 53. Qc6+ Kd8
54. Qb6+ Ke8 55. Qxg6+ Kd8 56. Qb6+ Ke8 57. Qxd4 1-0

[Event "28th Chicago Open"]
[Site "Chicago"]
[Date "2019.05.26"]
[Round "6"]
[White "Shimanov, Aleksandr"]
[Black "Gabuzyan, Hovhannes"]
[Result "0-1"]
[WhiteElo "2614"]
[BlackElo "2613"]
[PlyCount "129"]
[EventDate "2019.05.??"]
[EventType "swiss"]
[EventRounds "9"]
[EventCountry "USA"]

1. d4 Nf6 2. c4 c5 3. Nf3 g6 4. Nc3 cxd4 5. Nxd4 Nc6 6. e4 Nxd4 7. Qxd4 d6 8.
Bg5 Bg7 9. Be2 O-O 10. Qd2 a5 11. O-O a4 12. f3 Be6 13. Rfc1 Qa5 14. Rab1 Rfc8
15. b4 axb3 16. axb3 Qb4 17. Rc2 Ra3 18. Nb5 Qxd2 19. Rxd2 Raa8 20. g4 Kf8 21.
Be3 Nd7 22. g5 Nc5 23. Kf2 f5 24. gxf6 Bxf6 25. Nd4 Bf7 26. b4 Nd7 27. Rc2 Ra3
28. Bh6+ Kg8 29. Nb5 Ra4 30. Be3 Rca8 31. f4 Ra2 32. Rbc1 R8a4 33. Rxa2 Rxa2
34. c5 dxc5 35. bxc5 Be6 36. Kf3 g5 37. h3 Bf7 38. Bc4 Bxc4 39. Rxc4 gxf4 40.
Bxf4 Ra5 41. Rb4 Nxc5 42. Be3 Nd3 43. Rb3 Ne5+ 44. Kg3 Nc4 45. Bf4 Kf7 46. Rb4
Ne5 47. Rb3 Nd7 48. Be3 Ra4 49. Na7 Rxe4 50. Kf3 Ra4 51. Rxb7 Ne5+ 52. Kg3 Ra3
53. Kf4 Ra4+ 54. Kg3 Bh4+ 55. Kg2 Ra3 56. Rb4 Bf6 57. Re4 Ng6 58. Nb5 Rb3 59.
Nc7 Nh4+ 60. Kf2 Rb2+ 61. Kg1 Rg2+ 62. Kf1 Rh2 63. Bf2 Rh1+ 64. Ke2 Ng6 65. Re3
0-1

[Event "28th Chicago Open"]
[Site "Chicago"]
[Date "2019.05.26"]
[Round "6"]
[White "Santarius, Erik"]
[Black "Liang, Awonder"]
[Result "1/2-1/2"]
[WhiteElo "2396"]
[BlackElo "2600"]
[PlyCount "71"]
[EventDate "2019.05.??"]
[EventType "swiss"]
[EventRounds "9"]
[EventCountry "USA"]

1. d4 Nf6 2. c4 e6 3. Nf3 a6 4. Nc3 d5 5. cxd5 exd5 6. Bf4 Be7 7. e3 Be6 8. h3
h6 9. Bd3 Nbd7 10. O-O O-O 11. Rc1 c6 12. Ne5 Nxe5 13. Bxe5 Nd7 14. Bf4 Re8 15.
Qf3 Bf8 16. Qg3 Kh8 17. Bd6 Bxd6 18. Qxd6 Rg8 19. Ne2 g5 20. Ng3 Qf8 21. Qxf8
Raxf8 22. Nf5 h5 23. Nd6 Rb8 24. f4 gxf4 25. Rxf4 Rg7 26. Rcf1 Bxh3 27. Nxf7+
Kg8 28. Nh6+ Kh8 29. R1f2 Bg4 30. Nf7+ Kg8 31. Nh6+ Kh8 32. Kh2 Re8 33. Nf7+
Kg8 34. Nh6+ Kh8 35. Nf7+ Kg8 36. Nh6+ 1/2-1/2

[Event "28th Chicago Open"]
[Site "Chicago"]
[Date "2019.05.26"]
[Round "6"]
[White "Chen, Qi b"]
[Black "Shabalov, Alexander"]
[Result "1/2-1/2"]
[WhiteElo "2431"]
[BlackElo "2528"]
[PlyCount "41"]
[EventDate "2019.05.??"]
[EventType "swiss"]
[EventRounds "9"]
[EventCountry "USA"]

1. e4 g6 2. d4 Bg7 3. Nc3 d6 4. f4 a6 5. Nf3 b5 6. Bd3 Bb7 7. a4 b4 8. Ne2 Nd7
9. c3 c5 10. O-O Nh6 11. a5 bxc3 12. bxc3 cxd4 13. cxd4 O-O 14. Rb1 Rb8 15. Bd2
Bc6 16. h3 Rxb1 17. Qxb1 Qa8 18. Kh2 e6 19. Ng3 Rb8 20. Qc2 Rc8 21. Rc1 1/2-1/2

[Event "28th Chicago Open"]
[Site "Chicago"]
[Date "2019.05.26"]
[Round "6"]
[White "Shtembuliak, Evgeny"]
[Black "Schmakel, Sam"]
[Result "1/2-1/2"]
[WhiteElo "2516"]
[BlackElo "2437"]
[PlyCount "64"]
[EventDate "2019.05.??"]
[EventType "swiss"]
[EventRounds "9"]
[EventCountry "USA"]

1. d4 Nf6 2. c4 g6 3. Nc3 Bg7 4. e4 d6 5. Nge2 O-O 6. Ng3 e5 7. d5 a5 8. Be2
Na6 9. h4 h5 10. Bg5 Qe8 11. Qd2 Nc5 12. f3 a4 13. O-O-O Bd7 14. Kb1 Qb8 15.
Nf1 Qa7 16. g4 hxg4 17. Ng3 Nh7 18. fxg4 Nxg5 19. hxg5 Qa5 20. Rh4 a3 21. b3 f6
22. Kc2 Na6 23. Rdh1 Qc5 24. Nf5 Nb4+ 25. Kb1 gxf5 26. g6 f4 27. Qe1 Be8 28.
Rh8+ Bxh8 29. Rxh8+ Kg7 30. Rh7+ Kg8 31. Rh8+ Kg7 32. Rh7+ Kg8 1/2-1/2